| 000 | 01574nac a22003611i 4500 | ||
|---|---|---|---|
| 003 | EG-ScBUE | ||
| 005 | 20241221104637.0 | ||
| 008 | 241221s2001 enka f b 001 0 eng d | ||
| 020 | _a9780521003971 | ||
| 020 | _a0521003970 (pbk.) | ||
| 040 |
_aEG-ScBUE _beng _erda _cEG-ScBUE _dEG-ScBUE |
||
| 041 | 1 |
_aeng _hfre |
|
| 082 | 0 | 4 |
_a528.7 _bAUD _222 |
| 100 | 1 |
_aAudoin, Claude, _eauthor. |
|
| 245 | 1 | 4 |
_aThe measurement of time : _btime, frequency, and the atomic clock / _cClaude Audoin, CNRS, Orsay, France, Bernard Guinot, Paris Observatory, France ; translated by Stephen Lyle. |
| 264 | 1 |
_aCambridge ; _aNew York : _bCambridge University Press, _c2001. |
|
| 300 |
_aix, 335 pages : _billustrations ; _c24 cm |
||
| 336 |
_2rdacontent _atext _btxt |
||
| 337 |
_aunmediated _2rdamedia _bn |
||
| 338 |
_avolume _bnc _2rdacarrier |
||
| 504 | _aIncludes bibliographical references and index. | ||
| 546 | _aText in English ; translated from the original French. | ||
| 650 | 7 |
_aTime measurements. _2BUEsh |
|
| 650 | 7 |
_aAtomic clocks. _2BUEsh |
|
| 655 | _vReading book | ||
| 700 | 1 |
_aGuinot, Bernard, _eauthor. |
|
| 700 | 1 |
_aLyle, Stephen, _etranslator. |
|
| 856 | 4 | 1 |
_3Sample text _uhttp://www.loc.gov/catdir/samples/cam031/2001025507.html |
| 856 | 4 | 1 |
_3Publisher description _uhttp://www.loc.gov/catdir/description/cam021/2001025507.html |
| 856 | 4 | 1 |
_3Table of contents _uhttp://www.loc.gov/catdir/toc/cam021/2001025507.html |
| 856 | 4 | 1 |
_3Contributor biographical information _uhttp://www.loc.gov/catdir/enhancements/fy0731/2001025507-b.html |
| 942 |
_cBB _2ddc |
||
| 999 |
_c6971 _d6971 |
||